SMART STUDY ANATOMY (Record no. 1287)

MARC details
000 -LEADER
fixed length control field 00312nam a2200133Ia 4500
008 - FIXED-LENGTH DATA ELEMENTS--GENERAL INFORMATION
fixed length control field 150201s2010 xx 000 0 und d
082 ## - DEWEY DECIMAL CLASSIFICATION NUMBER
Classification number 611
Item number A10K
100 ## - MAIN ENTRY--PERSONAL NAME
Personal name KHENA, ANU
245 ## - TITLE STATEMENT
Title SMART STUDY ANATOMY
260 ## - PUBLICATION, DISTRIBUTION, ETC. (IMPRINT)
Name of publisher, distributor, etc. ELSEVIER
Place of publication, distribution, etc. DELHI
Date of publication, distribution, etc. 2010
300 ## - PHYSICAL DESCRIPTION
Extent 1-428
650 ## - SUBJECT ADDED ENTRY--TOPICAL TERM
Topical term or geographic name as entry element HUMAN ANATOMY
942 ## - ADDED ENTRY ELEMENTS (KOHA)
Source of classification or shelving scheme Dewey Decimal Classification
Koha item type Books
Koha issues (borrowed), all copies 3
Holdings
Withdrawn status Lost status Source of classification or shelving scheme Damaged status Not for loan Collection code Home library Current library Shelving location Date acquired Source of acquisition SGTU Total Checkouts Full call number Barcode Date last seen Date last checked out Bill Date Koha item type
    Dewey Decimal Classification     MEDICAL SGT Medical Library SGT Medical Library Text Book 11/11/2011 COMP. SGTU 6 611 A10K FM4852 16/06/2023 05/06/2023 18/11/2011 Books